Music Quiz

Random Music or Song Quiz
Score 0/173 Timer 07:00
0 Plays Today
Answer % Correct
you
93.8%
you
93.8%
I
93.8%
you.
93.8%
I
93.8%
you. (sha la la la la la la)
93.8%
you. (Sha la la la la la la)
93.8%
(sha la la la la)
93.8%
You
93.8%
you (cheat, cheat)
93.8%
(sha-la-la-la-la)
93.8%
you
93.8%
I
93.8%
love
93.8%
you
93.8%
I
93.8%
you (sha-la-la-la-la-la-la)
93.8%
you (sha-la-la-la-la-la-la)
93.8%
I
93.8%
love
93.8%
you
93.8%
I
93.8%
you.(Sha-la-la-la-la-la-la)
93.8%
you. (Sha-la-la-la-la-la-la)
93.8%
the
87.5%
the
87.5%
me
87.5%
do?
87.5%
do,
87.5%
do,
87.5%
me
87.5%
and
81.3%
What
81.3%
what
81.3%
what
81.3%
What
81.3%
what
81.3%
What
81.3%
my
75%
go
75%
It
75%
it
75%
can
68.8%
I'm
68.8%
can
68.8%
Don't
68.8%
I'm
68.8%
can
68.8%
Don't
68.8%
Don't
68.8%
It's
62.5%
It's
62.5%
by,
62.5%
baby
62.5%
it's
62.5%
Baby
62.5%
it's
62.5%
they
62.5%
Answer % Correct
say
62.5%
They
62.5%
say,
62.5%
they
62.5%
say
62.5%
they
62.5%
say,
62.5%
it's
62.5%
baby,
62.5%
it's
62.5%
Baby,
62.5%
it's
62.5%
say,
62.5%
they
62.5%
it's
62.5%
baby,
62.5%
it's
62.5%
Baby,
62.5%
it's
62.5%
that
56.3%
that
56.3%
at
56.3%
Can't
56.3%
hear
56.3%
know
56.3%
gonna
56.3%
know
56.3%
gonna
56.3%
on
56.3%
not
50%
not
50%
woh-ah-oh
50%
over
50%
help
50%
never
50%
never
50%
ever
50%
been
50%
Whoa oh
50%
Whoa oh
50%
all
50%
way
43.8%
heart (sha la la la la)
43.8%
way
43.8%
apart.
43.8%
sit
43.8%
alone
43.8%
cry
43.8%
myself,
43.8%
'Cause
43.8%
should
43.8%
about
43.8%
true.
43.8%
matter
43.8%
way.
43.8%
true
43.8%
'Cause,
43.8%
matter
43.8%
Answer % Correct
way.
43.8%
true.
43.8%
alone (sha-la-la-la-la-la-la)
43.8%
Sha
37.5%
la
37.5%
la
37.5%
la
37.5%
la
37.5%
la
37.5%
la
37.5%
sha
37.5%
la
37.5%
la
37.5%
la
37.5%
la
37.5%
la
37.5%
la
37.5%
sha
37.5%
la
37.5%
la
37.5%
la
37.5%
la
37.5%
la
37.5%
la
37.5%
sha
37.5%
la
37.5%
la
37.5%
la
37.5%
la
37.5%
kiss
37.5%
tears
37.5%
home
37.5%
doesn't
37.5%
any
37.5%
old
37.5%
doesn't
37.5%
any
37.5%
old
37.5%
'Cause
37.5%
home (sha-la-la-la-la-la-la)
37.5%
many
31.3%
many
31.3%
nights
31.3%
many
31.3%
want
31.3%
nobody
31.3%
nobody
31.3%
want
31.3%
nobody
31.3%
nobody
31.3%
smile
25%
leave
25%
Come
25%
touched
18.8%
But
18.8%
then
18.8%
then
18.8%
Remove Ads.
Support Sporcle.
Get the best of Sporcle when you Go Orange. This ad-free experience offers more features, more stats, and more fun while also helping to support Sporcle. Thank you for becoming a member.

You're not logged in!

Compare scores with friends on all Sporcle quizzes.
OR
Log In

Sporcle TV

Today on Sporcle TV


Watch our educational content, quiz creation guides, and fun videos on Sporcle TV.

Show Comments

Extras

Created Jun 5, 2020ReportNominate
Tags:Song Quiz, 1963, hard, let, minute, Whole, Yesterday

Top Quizzes Today


Score Distribution

Paid Content

Your Account Isn't Verified!

In order to create a playlist on Sporcle, you need to verify the email address you used during registration. Go to your Sporcle Settings to finish the process.

Report this User

Report this user for behavior that violates our Community Guidelines.

Details: